Oil:From Prospect To Pipeline (Record no. 6683)

MARC details
000 -LEADER
fixed length control field 00522nam a2200217Ia 4500
008 - FIXED-LENGTH DATA ELEMENTS--GENERAL INFORMATION
fixed length control field 130729s9999 xx 000 0 und d
020 ## - INTERNATIONAL STANDARD BOOK NUMBER
International Standard Book Number 872016358
072 ## - SUBJECT CATEGORY CODE
Subject category code Overview Of Oil Operations
082 ## - DEWEY DECIMAL CLASSIFICATION NUMBER
Classification number 622
082 ## - DEWEY DECIMAL CLASSIFICATION NUMBER
Item number R5409
100 ## - MAIN ENTRY--PERSONAL NAME
Personal name Wheeler,Robert R.
9 (RLIN) 863
245 ## - TITLE STATEMENT
Title Oil:From Prospect To Pipeline
245 ## - TITLE STATEMENT
Statement of responsibility, etc Wheeler,Robert R. & Whited,Maurine
250 ## - EDITION STATEMENT
Edition statement Fourth
260 ## - PUBLICATION, DISTRIBUTION, ETC. (IMPRINT)
Place of publication, distribution, etc London
260 ## - PUBLICATION, DISTRIBUTION, ETC. (IMPRINT)
Name of publisher, distributor, etc GULF
260 ## - PUBLICATION, DISTRIBUTION, ETC. (IMPRINT)
Date of publication, distribution, etc 1981
300 ## - PHYSICAL DESCRIPTION
Extent 106
300 ## - PHYSICAL DESCRIPTION
Type of unit Illustration & graphs
942 ## - ADDED ENTRY ELEMENTS (KOHA)
Item type Book

No items available.